000 00952nam a22003137a 4500
001 BR2012004877
003 BR-BrBNA
005 20230928104024.0
007 ta
008 230509b bl.||||| |||| 00| 0 por d
040 _aBR-BrBNA
_bpor
_cBiblioteca Nacional de Agricultura
041 _a(Por)
072 _aF02
_b3307
_b3810
090 _ 3307 BR2012004877
100 1 _aFurtini, K.V.
110 1 _aUniversidade Federal de Lavras, MG (Brasil)
_0Tese (Mestrado)
245 1 _aDesenvolvimento de copo-de leite cultivado em substratos com diferentes fontes e doses de potássio
260 3 _aLavras, MG (Brasil):
_c2012.
300 _a70 p.
500 _aSummaries (Eng, Por); Bibliography p. 66-70; 26 illus.
650 _aCOPO DE LEITE
650 _aCRESCIMENTO
650 _aSUBSTRATO
650 _aPOTÁSSIO
650 _aDOSE
650 _aCARACTERÍSTICAS AGRONÔMICAS
909 _a202309
_bLucia
_c55
_dLucia Elande
942 _cBK
999 _c77729
_d77729